Sports Quiz

Random Sports or Football Quiz

Most Premier League Goals and Assists by Season Quiz Stats

 Plays Quiz Updated May 15, 2018

Challenge
Share
Tweet
Embed
Score 0/130 Timer 10:00
8 Plays Today
Hint Answer % Correct
2017/18Harry Kane
93.6%
2016/17Harry Kane
92%
2014/15Harry Kane
91.9%
2015/16Harry Kane
91.9%
2017/18Mohammed Salah
91.2%
2005/06Wayne Rooney
91%
2006/07Wayne Rooney
91%
2009/10Wayne Rooney
91%
2011/12Wayne Rooney
91%
2013/14Wayne Rooney
91%
2017/18Sergio Agüero
90.2%
2011/12Sergio Agüero
89.6%
2014/15Sergio Agüero
89.6%
2015/16Sergio Agüero
89.6%
1999/2000Thierry Henry
88%
2000/01Thierry Henry
88%
2001/02Thierry Henry
88%
2002/03Thierry Henry
88%
2003/04Thierry Henry
88%
2004/05Thierry Henry
88%
2005/06Thierry Henry
88%
1993/94Alan Shearer
86.7%
1994/95Alan Shearer
86.7%
1995/96Alan Shearer
86.7%
1996/97Alan Shearer
86.7%
1999/2000Alan Shearer
86.7%
2001/02Alan Shearer
86.7%
2003/04Alan Shearer
86.7%
2004/05Frank Lampard
85.6%
2005/06Frank Lampard
85.6%
2006/07Frank Lampard
85.6%
2008/09Frank Lampard
85.6%
2009/10Frank Lampard
85.6%
2008/09Steven Gerrard
83.5%
2013/14Steven Gerrard
83.5%
2006/07Cristiano Ronaldo
83.5%
2007/08Cristiano Ronaldo
83.5%
2008/09Cristiano Ronaldo
83.5%
2005/06Didier Drogba
82.1%
2006/07Didier Drogba
82.1%
2009/10Didier Drogba
82.1%
2010/11Didier Drogba
82.1%
2012/13Luis Suárez
80.5%
2013/14Luis Suárez
80.5%
Hint Answer % Correct
2016/17Romelu Lukaku
80.2%
1993/94Andy Cole
79%
2016/17Diego Costa
78.1%
2014/15Diego Costa
77.8%
2015/16Jamie Vardy
77.8%
2008/09Robin van Persie
76.3%
2010/11Robin van Persie
76.3%
2011/12Robin van Persie
76.3%
2012/13Robin van Persie
76.3%
2014/15Alexis Sánchez
73.7%
2016/17Alexis Sánchez
73.7%
1997/98Michael Owen
71.5%
1998/99Michael Owen
71.5%
2002/03Michael Owen
71.5%
2017/18Raheem Sterling
70.2%
1995/96Dwight Yorke
70.1%
1996/97Dwight Yorke
70.1%
1998/99Dwight Yorke
70.1%
1999/2000Dwight Yorke
70.1%
1997/98Dennis Bergkamp
69.8%
1998/99Dennis Bergkamp
69.8%
2004/05Dennis Bergkamp
69.8%
2001/02Ruud van Nistelrooy
67.8%
2002/03Ruud van Nistelrooy
67.8%
2003/04Ruud van Nistelrooy
67.8%
2005/06Ruud van Nistelrooy
67.8%
2015/16Riyad Mahrez
67.7%
2007/08Fernando Torres
66.3%
2015/16Mesut Özil
65.8%
1992/93Teddy Sheringham
65.4%
2000/01Teddy Sheringham
65.4%
1994/95Robbie Fowler
63%
1995/96Robbie Fowler
63%
2009/10Carlos Tévez
61%
2010/11Carlos Tévez
61%
2013/14Daniel Sturridge
59.8%
1992/93Éric Cantona
58.5%
1993/94Éric Cantona
58.5%
1996/97Éric Cantona
58.5%
2006/07Dimitar Berbatov
57.3%
2007/08Dimitar Berbatov
57.3%
2010/11Dimitar Berbatov
57.3%
2017/18Leroy Sané
56.1%
2016/17Dele Alli
54.5%
Hint Answer % Correct
2003/04Robert Pirès
53.9%
2013/14Yaya Touré
52.8%
2009/10Cesc Fàbregas
51.4%
1998/99Nicolas Anelka
51.2%
2008/09Nicolas Anelka
51.2%
1996/97Ian Wright
49.4%
1992/93Les Ferdinand
45%
1994/95Les Ferdinand
45%
1995/96Les Ferdinand
45%
1996/97Les Ferdinand
45%
2012/13Gareth Bale
44.9%
1993/94Chris Sutton
43.7%
1997/98Chris Sutton
43.7%
1999/2000Kevin Phillips
43.2%
1998/99Jimmy Floyd Hasselbaink
42.4%
2000/01Jimmy Floyd Hasselbaink
42.4%
2001/02Jimmy Floyd Hasselbaink
42.4%
2004/05Jimmy Floyd Hasselbaink
42.4%
2007/08Emmanuel Adebayor
40.4%
2011/12Emmanuel Adebayor
40.4%
2001/02Ole Gunnar Solskjær
39.7%
2000/01Mark Viduka
35.5%
2002/03Mark Viduka
35.5%
1992/93Matt Le Tissier
32.5%
1993/94Matt Le Tissier
32.5%
1994/95Matt Le Tissier
32.5%
2012/13Theo Walcott
30%
2003/04Louis Saha
27.7%
1997/98Dion Dublin
27.7%
2012/13Juan Mata
25.9%
2004/05Andy Johnson
23.5%
2010/11Nani
23.1%
1994/95Jürgen Klinsmann
20.5%
2002/03James Beattie
18.5%
1995/96Stan Collymore
18.2%
1999/2000Paolo Di Canio
16.2%
2014/15Charlie Austin
13.5%
1992/93Brian Deane
11.7%
2000/01Marcus Stewart
10.3%
2011/12Clint Dempsey
10.1%
2007/08Roque Santa Cruz
8.6%
1997/98John Hartson
6.7%

You're not logged in!

Compare scores with friends on all Sporcle quizzes.
Join for Free
OR
Log In

You Might Also Like...

Show Comments

Extras

Top Quizzes Today


Score Distribution

Your Account Isn't Verified!

In order to create a playlist on Sporcle, you need to verify the email address you used during registration. Go to your Sporcle Settings to finish the process.

Report this User

Report this user for behavior that violates our Community Guidelines.

Details: